000 01628nam a2200361 i 4500
001 000006083
003 DO-SdBPM
005 20260319115334.0
007 ta
008 090826s2009 dr a c 001 0bspa d
020 _a9789945869002
040 _aDO-SdBPM
_bspa
_cBPMSU
_erda
_d
041 _a
082 0 4 _a923.17293
_bG993B 2009
_222
100 1 _aBáez Guerrero, José,
_d1958-
_eautor
_4aut.
100 z _a Guerrero, José Báez
245 1 0 _aGuzmán :
_bsu vida, gobierno y suicidio /
_cJosé Báez Guerrero.
264 4 _aSanto Domingo :
_bEditora Montalvo,
_c©2009.
300 _a406 páginas :
_bilustraciones, retratos ;
_c24 cm.
336 _atexto
_btxt
_2rdacontent
337 _asin mediación
_bn
_2rdamedia
338 _avolumen
_bnc
_2rdacarrier
500 _aIncluye referencias bibliográficas y notas al pie de las páginas.
504 _aBibliografía: páginas 385-390.
505 0 _aPrefacio -- ¿Quién era Antonio Guzmán? -- La "fórmula Guzmán" -- Guzmán durante "Los doce años" -- La crisis electoral de 1978 -- El gobierno de Guzmán -- ¿Por qué se mató? -- "¡Al presidente se le pegó un tiro!" -- La agonía -- La más larga madrugada -- Epílogo -- Apéndices -- Bibliografía y fuentes -- Índice onomástico.
_t
590 _aInventariado, 2026/VM
600 1 7 _aGuzmán Fernández, Silvestre Antonio,
_d1911-1982
610 1 7 _aRepública Dominicana
_bPresidente (1978-1982 : Guzmán)
651 7 _aRepública Dominicana
_xHistoria
_y1978-1982
651 7 _aRepública Dominicana
_xPolitica y gobierno
_y1978-1982
910 _aVMateo V. Control de calidad BPMSU
942 _2ddc
_cBK
999 _c15753
_d15753